| 000 | 00398nam a2200181Ia 4500 | ||
|---|---|---|---|
| 001 | 8419 | ||
| 005 | 20260306160608.0 | ||
| 008 | 260306t1977||||xx |||||||||||||| ||spa|| | ||
| 041 | _aESP | ||
| 082 |
_a370.942 _bF369 |
||
| 100 |
_aFox, Celina _eAUT |
||
| 245 | 0 | _aEducation | |
| 260 | _c1977 | ||
| 300 |
_a233 páginas : _c22 cm. |
||
| 650 | _aGEN | ||
| 654 | _aCED | ||
| 942 |
_cLIB _dJUS _fJUS _2ddc _n |
||
| 999 |
_c8419 _d8419 |
||